Valorization of agriculture waste: To enhance food security (Record no. 395733)

MARC details
000 -LEADER
fixed length control field 00540nam a22001937a 4500
005 - DATE & TIME
control field 20260202163235.0
008 - FIXED-LENGTH DATA ELEMENTS--GENERAL INFORMATION
fixed length control field 260130b |||||||| |||| 00| 0 eng d
020 ## - ISBN
International Standard Book Number 9789359192987
Price Rs. 1795.00
040 ## - CATALOGING SOURCE
Original cataloging agency VIVEKANANDA LIBRARY
082 ## - DDC NUMBER
Classification number 338.19
Book Number P289V
100 ## - MAIN ENTRY--PERSONAL NAME
Personal name Pawase, Prashant Anil
245 ## - TITLE STATEMENT
Title Valorization of agriculture waste: To enhance food security
260 ## - PUBLICATION, DISTRIBUTION, ETC. (IMPRINT)
Name of publisher, distributor, etc Daya Publishing House
Date of publication, distribution, etc 2026
Place of publication, distribution, etc New Delhi
300 ## - PHYSICAL DESCRIPTION
Pages xiv, 166
650 ## - Subject
Subject Environmental Science
650 ## - Subject
Subject Agriculture
650 ## - Subject
Subject Production
942 ## - ADDED ENTRY ELEMENTS (KOHA)
Koha item type Books
Holdings
Withdrawn status Lost status Source of classification or shelving scheme Damaged status Not for loan Location (home branch) Sublocation or collection (holding branch) Shelving location Date acquired Koha issues (times borrowed) Koha full call number Accession No. Koha date last seen Koha item type
    Dewey Decimal Classification     VIVEKANANDA LIBRARY VIVEKANANDA LIBRARY Vivekananda Library 07/01/2026   338.19 P289V 444008 07/01/2026 Books
    Dewey Decimal Classification     VIVEKANANDA LIBRARY VIVEKANANDA LIBRARY Vivekananda Library 07/01/2026   338.19 P289V 444009 07/01/2026 Books
© Designed and Maintained by Vivekananda Library, MDU Rohtak